000 00595nam a22002177a 4500
003 UA-OsUOA
001 36540
007 ta
008 20061002b un ||||| |||| 00| 0 ukr d
090 _a014
_bУ45
942 _cBK
040 _aUA-OsUOA
_bukr
_cUA-OsUOA
_dUA-OsUOA
245 _aУкраїнські Карпати
_bПокажчик літератури за 1995 рік.
300 _a187 с.
955 _a1
041 _aukr
080 _a014
260 _aЛьвів
_c2001
650 7 _a01 Бібліографія і бібліографії. Каталоги
_2UDC
999 _c435067
_d435067